| 000 | 00384nam a22001577a 4500 | ||
|---|---|---|---|
| 005 | 20240118125956.0 | ||
| 008 | 240118b |||||||| |||| 00| 0 eng d | ||
| 020 | _a978-8175-0522-46 | ||
| 041 | _aeng | ||
| 100 |
_aVIVEKANANDA, SWAMI _98212 |
||
| 245 | _aPERSONALITY DEVELOPMENT | ||
| 260 |
_aKOLKATA _bADVAITA ASHRAMA |
||
| 300 | _a128;P | ||
| 650 |
_aLIFE SKILL _98393 |
||
| 942 | _cBK | ||
| 999 |
_c8487 _d8485 |
||